LEADER 01602oas 2200421 a 450 001 9910692160603321 005 20031203153927.0 035 $a(CKB)5470000002351827 035 $a(OCoLC)53826524 035 9 $aocm53826524 035 $a(OCoLC)995470000002351827 035 $a(EXLCZ)995470000002351827 100 $a20031203a19999999 ua 101 0 $aeng 135 $aurmnu||||| 181 $ctxt$2rdacontent 182 $cc$2rdamedia 183 $acr$2rdacarrier 200 10$aEgg & poultry national weekly review$b[electronic resource] /$fU.S. Dept. of Agriculture, Agricultural Marketing Service, Poultry Programs, Market News Branch 210 $a[Washington, D.C.] $c[Poultry Programs, Market News Branch] 300 $aDescription based on: Vol. 45, no. 01 (Jan. 07, 1999); title from title screen (viewed on Dec. 3, 2003). 517 $aEgg & poultry national weekly review 606 $aEggs$xPrices$zUnited States$vStatistics$vPeriodicals 606 $aEggs$xProduction$zUnited States$vStatistics$vPeriodicals 606 $aPoultry$xPrices$vStatistics$vPeriodicals 606 $aPoultry industry$zUnited States$vStatistics$vPeriodicals 608 $aStatistics.$2lcgft 615 0$aEggs$xPrices 615 0$aEggs$xProduction 615 0$aPoultry$xPrices 615 0$aPoultry industry 712 02$aUnited States.$bAgricultural Marketing Service.$bPoultry Programs.$bMarket News Branch. 801 0$bGPO 801 1$bGPO 906 $aDOCUMENT 912 $a9910692160603321 996 $aEgg & poultry national weekly review$93433973 997 $aUNINA LEADER 00856nam 2200217 i 4500 001 991004288737607536 005 20230927135805.0 008 230927s1974 gw g b ger 020 $a380311053X 040 $aBibl. Dip.le Aggr. Scienze Giuridiche - Sez. Centro Studi sul Rischio$bita 100 1 $aDutschke, Rudi$0239588 245 10$aVersuch, Lenin auf die Fusse zu stellen :$buber den halbasiatischen und den westeuropaischen Weg zum Sozialismus :$bLenin, Lukács und die Dritte Internationale /$cRudi Dutschke 260 $aBerlin :$bK. Wagenbach,$cc1974 300 $a348 p. ;$bill. ;$c21 cm 490 1 $aPolitik ;$v53 600 14$aLenin, Vladimir Ilʹič 600 14$aLenin, Nikolaj$xPensiero politico 600 14$aLukács, György 912 $a991004288737607536 996 $aVersuch, Lenin auf die fusse zu stellen$922564 997 $aUNISALENTO